00743nam a2200205Ia 4500003000900000008004100009040001600050080001700066100002800083245008300111260003600194300001700230490004600247650004100293650003300334700002700367942000700394999001500401952012100416IN-BaIIA211028s9999 xx 000 0 eng d cIIA Library a535.853bJEN aJenkins, Gwilym M97568 0aSpectral analysis and its applicationscGwilym M. Jenkins and Donald. G. Watts aSan FranciscobHolden-Dayc1968 axviii, 525p. aHolden-Day series in time series analysis aAstronomy and astrophysics thesaurus aSpectroscopic analysis91737 aWatts, Donald G.97569 cBK c4307d4307 00104070aBANbBANcGENd1973-09-25g177.00l0o535.853/ JENp4806r2021-11-05v177.00w1973-09-25yBKGRs. 177.00